Southville International School and Colleges
Your cart is empty.
  • Cart
  • Lists
    Public lists Eva Luna New books Lux_list list_1
    Your lists Log in to create your own lists
  • Log in to your account
  • Your cookies
  • Search history
Southville International School and Colleges
  • Advanced search
  • Recent comments
  • Most popular
  • Libraries

Log in to your account

Log in with GOOGLE


If you do not have an external account, but do have a local account, you can still log in:

  1. Home
  2. MARC view: The manual of photography /
Normal view MARC view ISBD view

The manual of photography / (Record no. 15648)

[ view plain ]
MARC details
000 -LEADER
fixed length control field 02301cam a22003977a 4500
001 - CONTROL NUMBER
control field 16352136
003 - CONTROL NUMBER IDENTIFIER
control field OSt
005 - DATE AND TIME OF LATEST TRANSACTION
control field 20140310182746.0
008 - FIXED-LENGTH DATA ELEMENTS--GENERAL INFORMATION
fixed length control field 100728s2011 enka b 001 0 eng
010 ## - LIBRARY OF CONGRESS CONTROL NUMBER
LC control number 2010933573
015 ## - NATIONAL BIBLIOGRAPHY NUMBER
National bibliography number GBA8D8452
Source bnb
016 7# - NATIONAL BIBLIOGRAPHIC AGENCY CONTROL NUMBER
Record control number 014851973
Source Uk
020 ## - INTERNATIONAL STANDARD BOOK NUMBER
International Standard Book Number 9780240520377 (pbk.)
020 ## - INTERNATIONAL STANDARD BOOK NUMBER
International Standard Book Number 0240520378 (pbk.)
035 ## - SYSTEM CONTROL NUMBER
System control number (OCoLC)ocn280389938
040 ## - CATALOGING SOURCE
Original cataloging agency UKM
Transcribing agency UKM
Modifying agency YDXCP
-- BTCTA
-- IEB
-- LANGC
-- ORX
-- CDX
-- NDD
-- F4W
-- UBY
-- ERASA
-- VP@
-- DLC
042 ## - AUTHENTICATION CODE
Authentication code lccopycat
050 00 - LIBRARY OF CONGRESS CALL NUMBER
Classification number TR 145
Item number .M315 2011
245 04 - TITLE STATEMENT
Title The manual of photography /
Statement of responsibility, etc edited by : Elizabeth Allen et.al.
250 ## - EDITION STATEMENT
Edition statement 10th ed. /
Remainder of edition statement edited by Elizabeth Allen, Sophie Triantaphillidou.
260 ## - PUBLICATION, DISTRIBUTION, ETC. (IMPRINT)
Place of publication, distribution, etc Oxford ;
-- Burlington, MA :
Name of publisher, distributor, etc Elsevier/Focal Press,
Date of publication, distribution, etc 2011.
300 ## - PHYSICAL DESCRIPTION
Extent 566 p. :
Other physical details ill. (some col.) ;
Dimensions 25 cm.
504 ## - BIBLIOGRAPHY, ETC. NOTE
Bibliography, etc Includes bibliographical references and index.
505 2# - FORMATTED CONTENTS NOTE
Formatted contents note Introduction to the imaging process -- Light theory -- Photographic light sources -- The human visual system -- Introduction to colour science -- Photographic and geometrical optics -- Images and image formation -- Sensitometry -- Image sensors -- Camera lenses -- Photographic camera systems -- Exposure and image control -- Image formation and the photographic process -- Digital cameras and scanners -- Displays -- Digital printing and materials -- Digital image file formats -- Image storage media and archiving -- Introduction to image quality and system performance -- Speed and sensitivity -- Tone reproduction -- Photographic colour reproduction -- Digital colour reproduction -- Noise, sharpness, resolution and information -- Digital image workflow -- Colour management systems -- Spatial image processing -- Digital image processing in the frequency domain -- Image compression.
521 ## - TARGET AUDIENCE NOTE
Target audience note
562 ## - COPY AND VERSION IDENTIFICATION NOTE
Number of copies For circulation. 1 copy available in the collection
650 #0 - SUBJECT ADDED ENTRY--TOPICAL TERM
Topical term or geographic name as entry element Photography.
650 #0 - SUBJECT ADDED ENTRY--TOPICAL TERM
Topical term or geographic name as entry element Photography
General subdivision Digital techniques.
700 1# - ADDED ENTRY--PERSONAL NAME
Personal name Allen, Elizabeth,
Dates associated with a name 1969-
Relator term editor.
700 1# - ADDED ENTRY--PERSONAL NAME
Personal name Triantaphillidou, Sophie,
Relator term editor.
906 ## - LOCAL DATA ELEMENT F, LDF (RLIN)
a 7
b cbc
c copycat
d 2
e epcn
f 20
g y-gencatlg
942 ## - ADDED ENTRY ELEMENTS (KOHA)
Source of classification or shelving scheme Library of Congress Classification
Koha item type Books
Call number prefix Foreign
Holdings
Withdrawn status Lost status Source of classification or shelving scheme Damaged status Home library Current library Shelving location Date acquired Source of acquisition Total Checkouts Full call number Barcode Date last seen Copy number Price effective from Koha item type
    Library of Congress Classification   College Library College Library General Circulation Section 06/26/2012 Donation   TR 145 .M315 2011 C14497 05/15/2018 1 10/18/2013 Books

The manual of photography /

APA

Allen E., Triantaphillidou S., . (2011). The manual of photography. Oxford: Elsevier/Focal Press.

Chicago

Allen Elizabeth, Triantaphillidou Sophie, . 2011. The manual of photography. Oxford: Elsevier/Focal Press.

Harvard

Allen E., Triantaphillidou S., . (2011). The manual of photography. Oxford: Elsevier/Focal Press.

MLA

Allen Elizabeth, Triantaphillidou Sophie, . The manual of photography. Oxford: Elsevier/Focal Press. 2011.

  • Place hold
  • Print
  • Cite
  • Add to your cart (remove)
  • Save record
    BIBTEX Dublin Core MARCXML MARC (non-Unicode/MARC-8) MARC (Unicode/UTF-8) MARC (Unicode/UTF-8, Standard) MODS (XML) RIS
  • More searches
    Search for this title in:
    Other Libraries (WorldCat) Other Databases (Google Scholar) Online Stores (Bookfinder.com) Open Library (openlibrary.org)

Exporting to Dublin Core...

SOUTHVILLE LIBRARY

Southville International School and Colleges Library

1281 Tropical Ave. Cor. Luxembourg St., BF Homes International, Las Pinas City

Tel. No. 8256374 / 252358 Loc. 117/146

Powered by Koha